Oratio in auspiciis imperii suscepti a Catharina II. totius Russiae autocratore sapientissima piissima felicissima ab Universitate Mosquensi rite ac pie celebrandis d. 30 Jun. A. C. 1789 dicta a Theodoro Bause ... Societat. Oeconom. Petrop. et Latinae Ienensis sodali (Запись № 10371032)

Подробности
000 -МАРКЕР
контрольное поле 01345nam0a22003371 4500
001 - ИДЕНТИФИКАТОР ЗАПИСИ
контрольное поле RU\NLR\A2\4098
005 - ИДЕНТИФИКАТОР ВЕРСИИ
контрольное поле 20260407102408.0
035 ## - ДРУГИЕ СИСТЕМНЫЕ НОМЕРА
Идентификатор записи (NLR Aleph) 009857620
100 ## - ДАННЫЕ ОБЩЕЙ ОБРАБОТКИ
Данные общей обработки 19960704d1789 u y0rusy50 ca
101 0# - ЯЗЫК РЕСУРСА
Язык текста, звукозаписи и т.д. латинский
102 ## - СТРАНА ПУБЛИКАЦИИ ИЛИ ПРОИЗВОДСТВА
Страна публикации российская федерация
200 1# - ЗАГЛАВИЕ И СВЕДЕНИЯ ОБ ОТВЕТСТВЕННОСТИ
Основное заглавие Oratio in auspiciis imperii suscepti a Catharina II. totius Russiae autocratore sapientissima piissima felicissima ab Universitate Mosquensi rite ac pie celebrandis d. 30 Jun. A. C. 1789 dicta a Theodoro Bause ... Societat. Oeconom. Petrop. et Latinae Ienensis sodali
210 ## - ПУБЛИКАЦИЯ, РАСПРОСТРАНЕНИЕ И ДР.
Место издания, распространения и т.д. Mosquae [Moskva]
Имя издателя, распространителя и т. д. Typis Universitatis, per Svetuschkin
Дата издания, распространения и т.д. 1789
215 ## - ФИЗИЧЕСКАЯ ХАРАКТЕРИСТИКА
Специфическое обозначение материала и объем 15 c.
Размеры
321 1# - ПРИМЕЧАНИЯ ОБ ОТДЕЛЬНО ИЗДАННЫХ УКАЗАТЕЛЯХ / РЕФЕРАТАХ / ССЫЛКАХ, ОТРАЖАЮЩИХ КАТАЛОГИЗИРУЕМЫЙ ДОКУМЕНТ
Примечания об указателях, рефератах, ссылках СК XVIII(ин.) 271
600 #0 - ИМЯ ЛИЦА КАК ПРЕДМЕТ
-- z01690
Начальный элемент ввода Ekaterina
Дополнения к именам, кроме дат имп.
Римские цифры II
Даты 1729-1796
620 ## - МЕСТО И ДАТА ПУБЛИКАЦИИ, ИСПОЛНЕНИЯ И Т. Д.
Город Moskva
690 #0 -
-- z01600
-- Catharina
-- II
700 #1 - ИМЯ ЛИЦА - ПЕРВИЧНАЯ ОТВЕТСТВЕННОСТЬ
Связь между полями a02700
Начальный элемент ввода Bause
Часть имени, кроме начального элемента ввода T.
Даты 1752-1812
Расширение инициалов личного имени Theodor
Код отношения Автор
700 #1 - ИМЯ ЛИЦА - ПЕРВИЧНАЯ ОТВЕТСТВЕННОСТЬ
Связь между полями a02700
Начальный элемент ввода Баузе
Часть имени, кроме начального элемента ввода Ф.Г.
Даты 1752-1812
Расширение инициалов личного имени Федор Григорьевич
Код отношения Автор
Графика поля Кириллица
702 #1 - ИМЯ ЛИЦА - ВТОРИЧНАЯ ОТВЕТСТВЕННОСТЬ
Связь между полями z03790
Начальный элемент ввода Svetuškin
Часть имени, кроме начального элемента ввода A.A.
Даты -1789
Расширение инициалов личного имени Aleksandr Artamonovič
Код отношения Печатник (типограф)
712 01 - НАИМЕНОВАНИЕ ОРГАНИЗАЦИИ - ВТОРИЧНАЯ ОТВЕТСТВЕННОСТЬ
Код отношения Печатник (типограф)
Материалы, к которым относится поле lat
Начальный элемент ввода Mosqua
Структурное подразделение Universitas
-- Typographia
Графика поля Латинская
Идентификатор авторитетной/нормативной записи RU\NLR\AUTH\889930224
Системный номер авторитетной/нормативной записи 356034
790 #1 - ИМЯ ЛИЦА - АЛЬТЕРНАТИВНАЯ ФОРМА
Связь между полями z03702
Начальный элемент ввода Svetuschkin
Код отношения Печатник (типограф)
801 #0 - ИСТОЧНИК ЗАПИСИ
Страна российская федерация
Организация NLR
Дата составления 19960704
852 ## - МЕСТОНАХОЖДЕНИЕ И ШИФР ХРАНЕНИЯ
Идентификатор организации NLR
Наименование фонда или коллекции (Sub-Location Identifier) Rossica
Шифр хранения (Call Number) 13.9.2.643
942 ## - ДОПОЛНИТЕЛЬНЫЕ ЭЛЕМЕНТЫ ЗАПИСИ (АБИС)
Тип экземпляра АБИС Книга
980 ## - КОЛЛЕКЦИЯ
Название коллекции Национальная библиография
980 ## - КОЛЛЕКЦИЯ
Название коллекции Россика
980 ## - КОЛЛЕКЦИЯ
Название коллекции Книги XVIII века на западноевропейских языках, изданные в России
Экземпляры
Тип экземпляра Дата поступления Библиотека постоянного хранения Библиотека текущего хранения Место хранения Шифр хранения Штрих-код Статус не для выдачи
Книга 26.10.2013 РНБ (Садовая) РНБ (Садовая) Иностранный книжный фонд, главное здание (Садовая) Rossica 13.9.2.643 9857620-10